Саваните на Кения (Запис номер 188391)
[ съкратено ]
| 000 -Лидер | |
|---|---|
| Контролно поле с фиксирана дължина | nam a22 a 4500 |
| 003 - Код на организацията, давaща контролен номер | |
| Контролно поле | BLK |
| 005 - Дата и час на последна редакция | |
| Контролно поле | 20221124084321.0 |
| 008 - Елементи от данни с фиксирана дължина | |
| fixed length control field | 180411b bul|||||r ||||||| ||bul|| |
| 010 ## - Наследен системен номер | |
| LC control number | KNG00197409000 |
| 040 ## - Източник на каталожния запис | |
| Идентификатор на билиотеката - собственик на записа | BLK |
| 041 ## - Код за език | |
| Код за езика на текст/звукозапис или на отделно заглавие | Български |
| Код за езика КДБФ | Български |
| 080 ## - УДК | |
| Текстов определител УДК | Лов на бозайници |
| УДК код - определител по УДК | 639.11 |
| УДК - код + определител | 639.11 |
| 080 ## - УДК | |
| Текстов определител УДК | Английска литература |
| УДК код - определител по УДК | 821.111 |
| УДК определител | -4 |
| УДК - код + определител | 821.111-4 |
| 100 1# - Редна дума - Автор | |
| Автор | Хантър, Джон |
| Авторска отговорност | първи автор |
| R(LIN) | 136111 |
| 139 ## - Редно поле | |
| Редна дума | Хантър, Джон |
| Авторски знак | Хан - Х 25 |
| 245 10 - Сведения за заглавието | |
| Заглавие | Саваните на Кения |
| Подзаглавни данни | Очерци за лов на диви животни |
| Редно поле (дума) | Джон Хантър; прев. от англ. Светлана Стефанова; прев. от англ. Весела Илиева |
| 250 ## - Област на изданието | |
| Сведения за изданието | 2. изд. |
| 257 ## - Страна на издаване | |
| Страна на създаване/издаване | България |
| 260 ## - Област на издателските данни | |
| Място на издаване, разпространение и проч. | София |
| Име на издателя, разпространителя и проч. | Земиздат |
| Година на издаване | 1979 |
| Печатница | Перник : В. Андреев |
| 300 ## - Физическа характеристика | |
| Страници | 247 с. |
| Размери/Мащаб | 20 см |
| 380 ## - Жанр | |
| Жанр | Селско стопанство |
| 490 ## - СЕРИИ (Колекции) | |
| Име на серия | Ловни приключения |
| 9 (RLIN) | 205037 |
| 500 ## - Общи забележки | |
| Забележка | Ориг. загл. Hunter. - 1. изд. 1968. |
| 650 #4 - Допълнително описание по предмет – тема | |
| Основно описание – тема или топоним | Лов |
| 9 (RLIN) | 160724 |
| 651 #4 - Допълнително описание по предмет - топоним | |
| Географско понятие | Кения |
| 9 (RLIN) | 179025 |
| 700 1# - Други автори (авторска отговорност) | |
| Лично име | Стефанова, Светлана |
| Автороска отговорност (Описва отношението между автора и произведението) | прев. от англ. |
| 9 (RLIN) | 366903 |
| 700 1# - Други автори (авторска отговорност) | |
| Лично име | Илиева, Весела |
| Автороска отговорност (Описва отношението между автора и произведението) | прев. от англ. |
| 9 (RLIN) | 371339 |
| 852 ## - Местоположение | |
| Форматна сигнатура | Цб 97023 |
| 856 4# - Електронен адрес и достъп | |
| Електронен формат | pdf - файл |
| Инструкция (цена за достъп) | 0.00 |
| Права за достъп | disable |
| 999 ## - СИСТЕМНИ КОНТРОЛНИ НОМЕРА | |
| Koha biblionumber | 188391 |
| Koha biblioitemnumber | 188391 |
| 942 ## - АРТИКУЛИ | |
| Вид на библиотечния материал | Книги |
| Скрит в OPAC | Не |
| Периодичен библиозапис | Да |
| 944 ## - СЪЗДАВАНЕ И РЕДАКЦИЯ на ЗАПИСА | |
| Създаване/Редакция | Създаване |
| Дата на регистрацията/редакция | 05.12.2016 |
| Служител, извършил регистрацията/редакцията | Нора_Радева |
| 944 ## - СЪЗДАВАНЕ И РЕДАКЦИЯ на ЗАПИСА | |
| Създаване/Редакция | Редакция |
| Дата на регистрацията/редакция | 05.12.2016 |
| Служител, извършил регистрацията/редакцията | Нора_Радева |
| Код за отписване | Код за изгубен артикул | Източник на класификационната схема | Код за повреда | Коз за рестрикции | Код за отдаване | Артикулен № | Име на библиотеката - собственик | Име на библиотеката, в която се намира в момента | Статус (Текущо местоположение) | Дата на вписване в системата | Местоположение - отдел | Цена в лева | Инвентарен номер | Систематично азбучна сигнатура | Баркод | Номер на екземпляра | Цена в евро | Служебна бележка | Служебен тип на артикула |
|---|---|---|---|---|---|---|---|---|---|---|---|---|---|---|---|---|---|---|---|
| Не е изгубен | Universal Decimal Classification | Не е повреден | само за читалня | ползва се в читалня | 330435 | Регионална библиотека "Любен Каравелов" Русе | Регионална библиотека "Любен Каравелов" Русе | Хранилище | 1979-01-01 | Хранилище | 1.80 | 276984 | Цб 97023 | 120000276984 | 1 | 0.92 | Вид: Сф Дата: 01.01.1979 | Книги | |
| Изтеглен | Не е изгубен | Universal Decimal Classification | Не е повреден | без рестрикции | заемане за дома | 330436 | Регионална библиотека "Любен Каравелов" Русе | Регионална библиотека "Любен Каравелов" Русе | Заемна - подръчен фонд | 1979-01-01 | Заемна - подръчен фонд | 1.80 | 277860 | П 639.1/Х 25 | 277860 | 2 | 0.92 | Вид: Сф Дата: 01.01.1979 | Книги |
| Изтеглен | Не е изгубен | Universal Decimal Classification | Не е повреден | без рестрикции | заемане за дома | 330437 | Регионална библиотека "Любен Каравелов" Русе | Регионална библиотека "Любен Каравелов" Русе | Заемна - подръчен фонд | 1979-01-01 | Заемна - подръчен фонд | 1.80 | 277861 | П 639.1/Х 25 | 277861 | 3 | 0.92 | Вид: Сф Дата: 01.01.1979 Дата инв: 06.02.2018 Бележки инв: П2018 | Книги |
| Изтеглен | Не е изгубен | Universal Decimal Classification | Не е повреден | без рестрикции | заемане за дома | 330438 | Регионална библиотека "Любен Каравелов" Русе | Регионална библиотека "Любен Каравелов" Русе | Заемна - подръчен фонд | 1979-01-01 | Заемна - подръчен фонд | 1.80 | 277863 | П 639.1/Х 25 | 277863 | 4 | 0.92 | Вид: Сф Дата: 01.01.1979 | Книги |
| Изтеглен | Не е изгубен | Universal Decimal Classification | Не е повреден | без рестрикции | заемане за дома | 330439 | Регионална библиотека "Любен Каравелов" Русе | Регионална библиотека "Любен Каравелов" Русе | Заемна - подръчен фонд | 1979-01-01 | Заемна - подръчен фонд | 1.83 | 277864 | П 639.1/Х 25 | 277864 | 5 | 0.94 | Вид: Сф Дата: 01.01.1979 | Книги |
| Изтеглен | Не е изгубен | Universal Decimal Classification | Не е повреден | без рестрикции | заемане за дома | 330440 | Регионална библиотека "Любен Каравелов" Русе | Регионална библиотека "Любен Каравелов" Русе | Детски отдел | 1979-01-01 | Детски отдел | 1.80 | 277542 | ДН 636/639/Х 25 | 277542 | 6 | 0.92 | Вид: Сф Дата: 01.01.1979 | Книги |